000 00962nam a22002417a 4500
999 _c65585
_d65585
005 20240530110832.0
008 190923s2007 ua a f b 000 0 ara d
017 _a2007/24096
_bمصر. دار الكتب
020 _a9789770922715
040 _aEG-CaGPL
_cEG-CaGPL
082 0 4 _221
_a322.4
_bق/خ ا
100 0 _aخليل العنانى
245 1 2 _aالاخوان المسلمون فى مصر :
_bشيخوخة تصارع الزمن /
_cخليل العنانى ؛ تقديم محمد سليم العوا ، ضياء رشوان
250 _aط.1
260 _aالقاهرة :
_bمكتبة الشروق الدولية،
_c2007
300 _a311 ص. :
_bايض. ؛
_c24 سم
504 _aيشمل على ارجاعات ببليوجرافية
650 0 7 _2qrmak
_aالاخوان المسلمون
651 _2qrmak
653 0 _aالاخوان المسلمون - امريكا
942 _2ddc
_cBK